00521nam a22001697a 450000500170000001000150001702000260003203500140005803700090007208200060008110000320008724500930011925000060021226000500021827000620026830000210033020250812111048.0 aENG-146470 a9788119524365c399.00 aEN-130003 bDBAD aN aOgoe, Godfred Nana Kruentsi aSave our Faces:bA story based on conscience and Principles/cGodfred Nana Kruentsi Ogoe a1 aKolkata bEXCELLER BOOKS A GLOBAL PRESSc2024 aG1 Dream Apartment Degree College RoadbBelghariae700056 a209p. c22cm(pb)